000 00835cam a22002777a 4500
001 002313
003 armpunfd
005 20140612090704.0
008 100531e0####xx#a##########000#0#und#d
040 _aarmpunfd
_carmpunfd
080 _a347.25+366.6 L 937
100 1 0 _a Lovece Graciela
245 1 0 _aContrato de tiempo compartido (timezharing)
260 _a Uenos Aires : Universidad
_b2000. Isbn: 950-679-280-1. 175 P.
650 7 _a Clausulas Abusivas
_2LEMB
650 7 _a Derechos Reales
_2LEMB
650 7 _a Ley De Defensa Del Consumidor
_2LEMB
650 7 _a Mercosur
_2LEMB
650 7 _a Modelos De Contratos
_2LEMB
650 7 _a Oferta
_2LEMB
650 7 _a Publicidad
_2LEMB
650 7 _a Tiempo Compartido
_2LEMB
700 1 0 _aGhersi Carlos A
942 _cLB
_2cdu
945 _aCatalis
_d2010-08-19
999 _c2303
_d232807